Lanean...

The Business of leadership;An Introduction

Specifically tailored to business students, this undergraduate textbook features a "how-to" approach and is filled with with current, lively examples and well-crafted learning tools. It takes readers from the kind of leradership they can exhibit in supervisory roles to the visionary leader...

Deskribapen osoa

Xehetasun bibliografikoak
Egile nagusia: Bowerman,Karen Dill
Beste egile batzuk: Van Wart,Montgomery
Formatua: Printed Book
Argitaratua: Chennai Yes Dee 2010
Gaiak:
LEADER 00925nam a22001697a 4500
999 |c 58936  |d 58936 
020 |a 9789380381220 
082 |a 658.4092  |b BOW/B 
100 |a Bowerman,Karen Dill 
245 |a The Business of leadership;An Introduction  
260 |a Chennai  |b Yes Dee  |c 2010 
300 |a 393p. 
520 |a Specifically tailored to business students, this undergraduate textbook features a "how-to" approach and is filled with with current, lively examples and well-crafted learning tools. It takes readers from the kind of leradership they can exhibit in supervisory roles to the visionary leadership they must exhibit in management and executive roles. 
650 |a Organisational Leadership   |a Managerial leadership   |a Excecutive leadership  
700 |a Van Wart,Montgomery  
942 |c BK 
952 |0 0  |1 0  |4 0  |6 658_409200000000000_BOW_B  |7 0  |9 66039  |a KUCL  |c Stack  |d 2020-07-14  |l 0  |o 658.4092 BOW/B  |p 50448  |r 2020-07-14  |w 2020-07-14  |y BK